Top 30 mejores gastronomías del mundo - Estadísticas

Estadísticas generales
  • Esta prueba ha sido intentada 43 veces
  • La puntuación promedio es 22 de 30
Estadísticas de respuestas
Puntuación Country % Correcto
4.50 España
100%
4.28 Argentina
97%
4.48 Francia
97%
4.59 Italia
97%
4.45 China
95%
4.47 Japón
95%
4.34 Colombia
92%
4.52 México
92%
4.50 Portugal
90%
4.50 Turquía
90%
4.29 Alemania
87%
4.39 Brasil
87%
4.60 Grecia
87%
4.42 Estados Unidos
85%
4.40 Perú
85%
4.42 India
82%
4.29 Corea del Sur
77%
4.42 Polonia
72%
4.26 Tailandia
69%
4.34 Vietnam
67%
4.28 Rumanía
56%
4.48 Indonesia
54%
4.33 Hungría
49%
4.36 Croacia
46%
4.28 Líbano
46%
4.27 República Checa
44%
4.31 Argelia
36%
4.40 Serbia
36%
4.26 Túnez
33%
4.26 Georgia
13%
No se encontraron pruebas coincidentes
Distribución de puntuación
Porcentaje de gente con cada puntuación
Porcentaje por número respondido
Historial de tus puntuaciones
No has intentado esta prueba.